00677cpcaa2200217 4500001001300000003000400013005001700017008004100034010001700075040002400092072001200116100003300128245003200161300001300193506002200206545006100228546003600289580005700325656006000382999001700442mm 79000287 DLC20260227111630.0790124|||||||||||| eng  amm 79000287  aDLCcDLCedacsdDLC 7aC2lcmd1 aBraxton, Carter,d1736-1797.00aCarter Braxton note,f1789. a1fitem.0 aOpen to research.0 aDelegate to the U.S. Continental Congress from Virginia. aCollection material in English. aForms part of: Miscellaneous Manuscripts collection. 7aDelegates, U.S. Continental CongresszVirginia.2itoamc c40270d40270